| 000 | 00452nam a2200157 i 4500 | ||
|---|---|---|---|
| 001 | 32369 | ||
| 003 | ES-MaACL | ||
| 005 | 20230906154548.0 | ||
| 007 | t| | ||
| 008 | 030131s1979 sp ||||1| spa d | ||
| 100 | 1 |
_aBenito de Lucas, Joaquín. _927672 |
|
| 245 | 1 | 0 |
_aSeis poemas marinos / _cJoaquín Benito de Lucas. |
| 260 |
_aLas Palmas : _bMafasca para Bibliófilos, _c1979. |
||
| 300 |
_a13 p. ; _c20 cm. |
||
| 852 |
_aES-MaACL _j2108-F-22 _bR.99545 |
||
| 999 |
_c32369 _d32369 |
||